Statistics for Star Trek VI: The Undiscovered Country quiz

Click here to take the quiz!

General Stats

  • This quiz has been taken 16 times
  • The average score is 8 of 12

Answer Stats

Hint Answer % Correct
Which former Enterprise crew member is now in command of their own ship?Hikaru Sulu
100%
In addition to Captain Kirk, who is arrested and tried by the Klingons for the Chancellor's murder?Dr. McCoy
100%
What human writer does General Chang quote to Kirk during their battle?William Shakespeare
88%
Which actor from Star Trek: The Next Generation has a cameo in this film as an ancestor of their character?Michael Dorn
88%
The attack on the Klingon Chancellor's ship was staged using a prototype ship that can fire weapons while also doing what?cloaking
75%
What is the name of the Klingon moon that explodes at the beginning of the film?Praxis
75%
What is the name of the Klingon Chancellor whose assassination threatens the peace accords?Gorkon
75%
Where are the two of them imprisoned?Rura Penthe
63%
What actor portrays Klingon general Chang?Christopher Plummer
63%
Which Starfleet officer, played by Kim Cattrall, is a member of the conspiracy?Valeris
50%
The actor who played Colonel West, a Starfleet officer disguised as a Klingon, also portrayed which character in Star Trek: Deep Space Nine?Odo
38%
Which shapeshifer pretends to help them escape, then tries to kill them instead?Martia
25%

Score Distribution

Percentile by Number Answered

Percent of People with Each Score

Your Score History

You have not taken this quiz